000 00952cam a22002771 4500
001 rc 01000176
003 DLC
005 20260227111859.0
008 800528s1850 xx abf 000 0aeng
010 _arc 01000176
035 _a(OCoLC)6367168
040 _aDLC
_cOkTU
_dDLC
043 _an-us-nm
050 0 0 _aF786
_b.G82
050 0 0 _aF800
_b.G83
100 1 _aGregg, Josiah,
_d1806-1850.
245 1 0 _aCommerce of the Prairies;
_bor, The journal of a Santa Fe trader, during eight expeditions across the great western prairies, and a residence of nearly nine years in northern Mexico.
_cBy Josiah Gregg.
250 _a4th ed.
260 _aPhiladelphia,
_bJ.W, Moore,
_c1850.
300 _a2 v.
_bfronts., illus., plates, map.
_c20 cm.
651 0 _aSouthwest, New.
651 0 _aNew Mexico.
651 0 _aMexico
_xDescription and travel.
651 0 _aSanta Fe National Historic Trail.
650 0 _aIndians of North America
_zWest (U.S.)
999 _c51742
_d51742